Popular US Baby Names That Are Also Parts Of Country Names - Statistics

General Stats
  • This quiz has been taken 248 times
  • The average score is 6 of 14
Answer Stats
Full Country Name Baby name % Correct
Republic of India India
72%
Hashemite Arab Kingdom of Jordan Jordan
62%
Georgia Georgia
57%
Republic of Chad Chad
54%
Republic of Ireland Ireland
54%
State of Israel Israel
45%
St. Lucia Lucia
45%
Republic of Kenya Kenya
42%
United States of America America
33%
St. Vincent and the Grenadines Vincent
31%
Solomon Islands Solomon
20%
Republic of the Marshall Islands Marshall
17%
Republic of Sierra Leone Sierra
12%
Republic of El Salvador Salvador
8%
No matching quizzes found
Score Distribution
Percent of People with Each Score
Percentile by Number Answered
Your Score History
You have not taken this quiz